[Event "ESTCC 50 2019"]
[Site "Mali Losinj"]
[Date "2019.09.24"]
[Round "7.12"]
[White "Plesec, Damjan"]
[Black "Tirkajla, Boris"]
[Result "1-0"]
[WhiteElo "2216"]
[BlackElo "2060"]
[Annotator "NA"]
[PlyCount "95"]
[EventDate "2019.09.18"]
[EventType "team-tourn"]
[EventCountry "CRO"]
[SourceTitle "playchess.com"]
[Source "ChessBase"]
[SourceQuality "1"]
[WhiteTeam "Slovenia"]
[BlackTeam "Croatia"]
[WhiteTeamCountry "SLO"]
[BlackTeamCountry "CRO"]
[TimeControl "40/5400+30:1800+30"]

1. d4 {[%emt 0:05:30]} f5 {[%emt 0:00:30]} 2. Bf4 {[%emt 0:00:30]} Nf6 {[%emt 0:00:30]} 3. e3 {[%emt 0:00:30]} g6 {[%emt 0:00:30]} 4. h4 {[%emt 0:00:30]} h6 {[%emt 0:00:30]} 5. Nf3 {[%emt 0:00:30]} d6 {[%emt 0:00:30]} 6. Nc3 {[%emt 0:00:30]} Bg7 {[%emt 0:00:30]} 7. Bd3 {[%emt 0:07:30]} Nc6 {[%emt 0:06:30]} 8. a3 {[%emt 0:05:30]} O-O {[%emt 0:00:30]} 9. d5 {[%emt 0:04:30]} e5 {[%emt 0:00:30]} 10. dxe6 {[%emt 0:07:30]} Bxe6 {[%emt 0:03:30]} 11. Qd2 {[%emt 0:00:30]} Ng4 {[%emt 0:10:30]} 12. O-O-O {[%emt 0:17:30]} Nce5 {[%emt 0:05:30]} 13. Bg3 {[%emt 0:06:30]} Nxd3+ {[%emt 0:06:30]} 14. Qxd3 {[%emt 0:00:30]} Qf6 {[%emt 0:02:30]} 15. Nd4 {[%emt 0:02:30]} Bf7 {[%emt 0:10:30]} 16. h5 {[%emt 0:01:30]} Ne5 {[%emt 0:13:30]} 17. Bxe5 {[%emt 0:01:30]} dxe5 {[%emt 0:00:30]} 18. hxg6 {[%emt 0:00:30]} Bxg6 {[%emt 0:00:30]} 19. Nb3 {[%emt 0:07:30]} c6 {[%emt 0:16:44]} 20. Nc5 {[%emt 0:07:30]} Rfd8 {[%emt 0:02:57]} 21. Qe2 {[%emt 0:05:22]} Qe7 {[%emt 0:03:18]} 22. Nd3 {[%emt 0:02:16]} e4 {[%emt 0:01:29]} 23. Nf4 {[%emt 0:00:10]} Bf7 {[%emt 0:01:03]} 24. Nb1 {[%emt 0:02:26]} Qf6 {[%emt 0:01:09]} 25. c3 {[%emt 0:01:09]} Qe7 {[%emt 0:03:50]} 26. g4 {[%emt 0:00:55]} fxg4 {[%emt 0:03:40]} 27. Qxg4 {[%emt 0:01:10]} Rxd1+ {[%emt 0:01:09]} 28. Rxd1 {[%emt 0:00:16]} Rd8 {[%emt 0:00:24]} 29. Rg1 {[%emt 0:02:20]} Qe5 {[%emt 0:01:02]} 30. Nd2 {[%emt 0:01:38]} Kh8 {[%emt 0:00:19]} 31. Ng6+ {[%emt 0:06:04]} Bxg6 {[%emt 0:00:08]} 32. Qxg6 {[%emt 0:00:02]} Rd7 {[%emt 0:02:34]} 33. Nxe4 {[%emt 0:01:27]} Re7 {[%emt 0:00:56]} 34. Ng3 {[%emt 0:00:44]} Qf6 {[%emt 0:00:47]} 35. Nf5 {[%emt 0:01:07]} Qxg6 {[%emt 0:00:54]} 36. Rxg6 {[%emt 0:00:05]} Rf7 {[%emt 0:00:24]} 37. Nxh6 {[%emt 0:00:46]} Rxf2 {[%emt 0:00:17]} 38. Ng4 {[%emt 0:00:12]} Rg2 {[%emt 0:01:03]} 39. Ne5 {[%emt 0:00:37]} Re2 {[%emt 0:00:27]} 40. Nc4 {[%emt 0:00:07]} Kh7 {[%emt 0:00:47]} 41. Re6 {[%emt 0:30:12]} Bf8 {[%emt 0:30:31]} 42. Na5 {[%emt 0:01:46]} Bc5 {[%emt 0:00:17]} 43. Nxb7 {[%emt 0:00:16]} Bxe3+ {[%emt 0:00:36]} 44. Kb1 {[%emt 0:00:00]} Re1+ {[%emt 0:00:00]} 45. Ka2 {[%emt 0:00:00]} Re2 {[%emt 0:00:00]} 46. Kb3 {[%emt 0:00:00]} Kg7 {[%emt 0:00:00]} 47. Na5 {[%emt 0:00:00]} Kf7 {[%emt 0:00:00]} 48. Re4 {[%emt 0:00:00]} 1-0

[Event "ESTCC 50 2019"]
[Site "Mali Losinj"]
[Date "2019.09.24"]
[Round "7.13"]
[White "Burchardt, Brigitte"]
[Black "Lewis, Andrew P"]
[Result "0-1"]
[WhiteElo "2092"]
[BlackElo "2294"]
[Annotator "NA"]
[PlyCount "86"]
[EventDate "2019.09.18"]
[EventType "team-tourn"]
[EventCountry "CRO"]
[SourceTitle "playchess.com"]
[Source "ChessBase"]
[SourceQuality "1"]
[WhiteTeam "Germany"]
[BlackTeam "England"]
[WhiteTeamCountry "GER"]
[BlackTeamCountry "ENG"]
[TimeControl "40/5400+30:1800+30"]

1. e4 {[%emt 0:00:30]} c5 {[%emt 0:00:30]} 2. Nc3 {[%emt 0:00:00]} Nc6 {[%emt 0:00:30]} 3. g3 {[%emt 0:00:00]} g6 {[%emt 0:00:00]} 4. Bg2 {[%emt 0:00:00]} Bg7 {[%emt 0:00:00]} 5. d3 {[%emt 0:00:00]} d6 {[%emt 0:00:30]} 6. Be3 {[%emt 0:00:00]} Nf6 {[%emt 0:01:30]} 7. h3 {[%emt 0:02:00]} Rb8 {[%emt 0:03:30]} 8. f4 {[%emt 0:02:30]} O-O {[%emt 0:01:30]} 9. Nge2 {[%emt 0:03:30]} Bd7 {[%emt 0:05:30]} 10. O-O {[%emt 0:00:30]} b5 {[%emt 0:00:30]} 11. Qd2 {[%emt 0:02:30]} b4 {[%emt 0:03:30]} 12. Nd1 {[%emt 0:01:30]} Qa5 {[%emt 0:09:30]} 13. g4 {[%emt 0:17:30]} Ne8 {[%emt 0:15:30]} 14. f5 {[%emt 0:04:30]} Nd4 {[%emt 0:02:30]} 15. Bg5 {[%emt 0:05:30]} Nf6 {[%emt 0:02:30]} 16. Ng3 {[%emt 0:17:30]} Qa4 {[%emt 0:08:30]} 17. b3 {[%emt 0:08:30]} Qa6 {[%emt 0:01:30]} 18. fxg6 {[%emt 0:07:30]} fxg6 {[%emt 0:01:30]} 19. Ne3 {[%emt 0:02:30]} Ne6 {[%emt 0:07:30]} 20. Bxf6 {[%emt 0:01:30]} Bxf6 {[%emt 0:00:30]} 21. Rad1 {[%emt 0:03:10]} Bc3 {[%emt 0:08:30]} 22. Qc1 {[%emt 0:01:40]} Be5 {[%emt 0:02:30]} 23. Ne2 {[%emt 0:02:04]} Qxa2 {[%emt 0:09:07]} 24. Nd5 {[%emt 0:03:28]} Rxf1+ {[%emt 0:03:43]} 25. Rxf1 {[%emt 0:00:04]} Re8 {[%emt 0:00:30]} 26. Kh1 {[%emt 0:01:18]} Kg7 {[%emt 0:03:12]} 27. Nef4 {[%emt 0:05:09]} Nxf4 {[%emt 0:03:16]} 28. Nxf4 {[%emt 0:00:05]} Qb2 {[%emt 0:00:47]} 29. Qd2 {[%emt 0:01:43]} Rf8 {[%emt 0:02:21]} 30. Nd5 {[%emt 0:01:47]} Rxf1+ {[%emt 0:01:19]} 31. Bxf1 {[%emt 0:00:04]} e6 {[%emt 0:01:16]} 32. Qg5 {[%emt 0:02:37]} Bf6 {[%emt 0:01:27]} 33. Nxf6 {[%emt 0:00:31]} Qxf6 {[%emt 0:00:15]} 34. Qxf6+ {[%emt 0:00:03]} Kxf6 {[%emt 0:00:10]} 35. Kg2 {[%emt 0:00:07]} Ke5 {[%emt 0:00:57]} 36. Kf3 {[%emt 0:01:00]} Kd4 {[%emt 0:00:20]} 37. Ke2 {[%emt 0:01:01]} Kc3 {[%emt 0:00:21]} 38. Kd1 {[%emt 0:02:33]} g5 {[%emt 0:00:11]} 39. Kc1 {[%emt 0:00:18]} a5 {[%emt 0:00:44]} 40. Be2 {[%emt 0:00:04]} a4 {[%emt 0:00:47]} 41. bxa4 {[%emt 0:31:05]} Bxa4 {[%emt 0:30:21]} 42. e5 {[%emt 0:02:10]} dxe5 {[%emt 0:00:40]} 43. Bd1 {[%emt 0:00:00]} h6 {[%emt 0:00:00]} 0-1

[Event "ESTCC 50 2019"]
[Site "Mali Losinj"]
[Date "2019.09.24"]
[Round "7.14"]
[White "Ledger, Dave J"]
[Black "Wagner-Michel, Annett"]
[Result "1/2-1/2"]
[WhiteElo "2134"]
[BlackElo "2055"]
[Annotator "NA"]
[PlyCount "97"]
[EventDate "2019.09.18"]
[EventType "team-tourn"]
[EventCountry "CRO"]
[SourceTitle "playchess.com"]
[Source "ChessBase"]
[SourceQuality "1"]
[WhiteTeam "England"]
[BlackTeam "Germany"]
[WhiteTeamCountry "ENG"]
[BlackTeamCountry "GER"]
[TimeControl "40/5400+30:1800+30"]

1. e4 {[%emt 0:00:30]} c5 {[%emt 0:00:30]} 2. Nf3 {[%emt 0:00:00]} Nc6 {[%emt 0:00:00]} 3. d4 {[%emt 0:00:00]} cxd4 {[%emt 0:00:00]} 4. Nxd4 {[%emt 0:00:00]} Nf6 {[%emt 0:00:00]} 5. Nc3 {[%emt 0:00:00]} d6 {[%emt 0:00:00]} 6. f3 {[%emt 0:01:30]} e5 {[%emt 0:01:30]} 7. Nb3 {[%emt 0:00:30]} Be6 {[%emt 0:00:30]} 8. Be3 {[%emt 0:01:30]} Be7 {[%emt 0:01:30]} 9. Qd2 {[%emt 0:01:30]} d5 {[%emt 0:03:30]} 10. exd5 {[%emt 0:03:30]} Nxd5 {[%emt 0:00:30]} 11. Nxd5 {[%emt 0:00:30]} Qxd5 {[%emt 0:00:30]} 12. Qxd5 {[%emt 0:06:30]} Bxd5 {[%emt 0:00:30]} 13. O-O-O {[%emt 0:09:30]} O-O-O {[%emt 0:08:30]} 14. Bb5 {[%emt 0:06:30]} a6 {[%emt 0:22:30]} 15. Be2 {[%emt 0:01:30]} Kc7 {[%emt 0:02:30]} 16. Kb1 {[%emt 0:10:30]} f5 {[%emt 0:10:30]} 17. Rhe1 {[%emt 0:05:30]} Rhe8 {[%emt 0:02:30]} 18. Bf1 {[%emt 0:10:30]} Bh4 {[%emt 0:06:30]} 19. g3 {[%emt 0:01:30]} Bxf3 {[%emt 0:02:30]} 20. Rxd8 {[%emt 0:01:30]} Bxd8 {[%emt 0:00:00]} 21. Nc5 {[%emt 0:00:30]} Bf6 {[%emt 0:06:00]} 22. Bc4 {[%emt 0:00:30]} Nd8 {[%emt 0:04:30]} 23. Rf1 {[%emt 0:02:30]} e4 {[%emt 0:03:30]} 24. Rf2 {[%emt 0:01:30]} Be7 {[%emt 0:01:30]} 25. Nb3 {[%emt 0:04:30]} g6 {[%emt 0:04:20]} 26. Nd2 {[%emt 0:04:30]} Bh5 {[%emt 0:01:34]} 27. Bd5 {[%emt 0:02:30]} b5 {[%emt 0:03:51]} 28. Nb3 {[%emt 0:04:30]} Bd6 {[%emt 0:01:22]} 29. Nd4 {[%emt 0:02:56]} Be5 {[%emt 0:02:23]} 30. c3 {[%emt 0:01:30]} Kd6 {[%emt 0:01:32]} 31. Ba8 {[%emt 0:03:12]} Ne6 {[%emt 0:01:23]} 32. Rd2 {[%emt 0:03:31]} Rxa8 {[%emt 0:00:44]} 33. Nf3+ {[%emt 0:01:21]} Kc7 {[%emt 0:03:43]} 34. Nxe5 {[%emt 0:01:04]} Rd8 {[%emt 0:00:42]} 35. Rxd8 {[%emt 0:01:03]} Nxd8 {[%emt 0:00:30]} 36. Kc2 {[%emt 0:00:55]} Kd6 {[%emt 0:00:31]} 37. Bf4 {[%emt 0:01:43]} Ke6 {[%emt 0:00:53]} 38. Kd2 {[%emt 0:01:10]} Kd5 {[%emt 0:02:35]} 39. h3 {[%emt 0:01:29]} Ne6 {[%emt 0:00:30]} 40. Nd7 {[%emt 0:01:21]} Nxf4 {[%emt 0:01:14]} 41. gxf4 {[%emt 0:00:15]} Kd6 {[%emt 0:06:43]} 42. Nf6 {[%emt 0:06:30]} h6 {[%emt 0:00:30]} 43. Nxh5 {[%emt 0:01:30]} gxh5 {[%emt 0:00:30]} 44. h4 {[%emt 0:00:30]} Kc5 {[%emt 0:01:30]} 45. b3 {[%emt 0:00:30]} Kd5 {[%emt 0:00:30]} 46. Ke3 {[%emt 0:00:30]} Kc5 {[%emt 0:00:30]} 47. Kd2 {[%emt 0:00:30]} Kd5 {[%emt 0:00:30]} 48. Ke3 {[%emt 0:00:30]} Kc5 {[%emt 0:00:30]} 49. Kd2 {[%emt 0:00:30]} 1/2-1/2

[Event "ESTCC 50 2019"]
[Site "Mali Losinj"]
[Date "2019.09.24"]
[Round "7.15"]
[White "Kierzek, Mira"]
[Black "Nelson, Jonathan P"]
[Result "1/2-1/2"]
[WhiteElo "2015"]
[BlackElo "2183"]
[Annotator "NA"]
[PlyCount "82"]
[EventDate "2019.09.18"]
[EventType "team-tourn"]
[EventCountry "CRO"]
[SourceTitle "playchess.com"]
[Source "ChessBase"]
[SourceQuality "1"]
[WhiteTeam "Germany"]
[BlackTeam "England"]
[WhiteTeamCountry "GER"]
[BlackTeamCountry "ENG"]
[TimeControl "40/5400+30:1800+30"]

1. d4 {[%emt 0:00:30]} d6 {[%emt 0:00:30]} 2. Nf3 {[%emt 0:00:00]} Nf6 {[%emt 0:00:30]} 3. g3 {[%emt 0:00:00]} Nbd7 {[%emt 0:00:30]} 4. Bg2 {[%emt 0:01:30]} e5 {[%emt 0:00:30]} 5. c4 {[%emt 0:02:30]} Be7 {[%emt 0:00:30]} 6. Nc3 {[%emt 0:00:30]} O-O {[%emt 0:01:30]} 7. O-O {[%emt 0:01:30]} c6 {[%emt 0:00:30]} 8. Qc2 {[%emt 0:04:30]} Re8 {[%emt 0:02:30]} 9. b3 {[%emt 0:01:30]} Bf8 {[%emt 0:01:30]} 10. e4 {[%emt 0:10:30]} a6 {[%emt 0:04:30]} 11. Bb2 {[%emt 0:00:30]} b5 {[%emt 0:09:30]} 12. cxb5 {[%emt 0:04:30]} axb5 {[%emt 0:10:30]} 13. dxe5 {[%emt 0:07:30]} dxe5 {[%emt 0:02:30]} 14. a3 {[%emt 0:06:30]} Bb7 {[%emt 0:13:30]} 15. Nd1 {[%emt 0:10:30]} Qc7 {[%emt 0:10:30]} 16. Nc3 {[%emt 0:03:30]} Qb6 {[%emt 0:04:30]} 17. Rfd1 {[%emt 0:05:30]} c5 {[%emt 0:13:30]} 18. Qe2 {[%emt 0:14:30]} Bc6 {[%emt 0:05:08]} 19. Nd5 {[%emt 0:08:47]} Bxd5 {[%emt 0:05:07]} 20. exd5 {[%emt 0:00:47]} c4 {[%emt 0:02:16]} 21. bxc4 {[%emt 0:02:32]} bxc4 {[%emt 0:00:05]} 22. Qc2 {[%emt 0:04:35]} Rab8 {[%emt 0:04:10]} 23. Rab1 {[%emt 0:02:31]} Qc5 {[%emt 0:01:34]} 24. Nd2 {[%emt 0:01:55]} Rec8 {[%emt 0:01:47]} 25. Ne4 {[%emt 0:01:45]} Nxe4 {[%emt 0:00:38]} 26. Bxe4 {[%emt 0:00:25]} c3 {[%emt 0:00:27]} 27. Ba1 {[%emt 0:02:15]} Rxb1 {[%emt 0:00:38]} 28. Rxb1 {[%emt 0:00:13]} Nf6 {[%emt 0:00:42]} 29. Bf5 {[%emt 0:01:22]} Rc7 {[%emt 0:00:49]} 30. a4 {[%emt 0:00:56]} g6 {[%emt 0:00:27]} 31. Rb5 {[%emt 0:00:20]} Qa3 {[%emt 0:00:29]} 32. d6 {[%emt 0:00:54]} Bxd6 {[%emt 0:00:38]} 33. Rb8+ {[%emt 0:00:10]} Kg7 {[%emt 0:00:10]} 34. Rb1 {[%emt 0:00:30]} Qc5 {[%emt 0:03:05]} 35. Bd3 {[%emt 0:00:26]} h5 {[%emt 0:00:37]} 36. Bb5 {[%emt 0:00:26]} h4 {[%emt 0:00:37]} 37. Rd1 {[%emt 0:00:33]} hxg3 {[%emt 0:00:20]} 38. hxg3 {[%emt 0:00:09]} Nd5 {[%emt 0:00:46]} 39. Be8 {[%emt 0:01:16]} Nf6 {[%emt 0:00:43]} 40. Bb5 {[%emt 0:00:07]} Nd5 {[%emt 0:00:28]} 41. Be8 {[%emt 0:01:36]} Nf6 {[%emt 0:11:19]} 1/2-1/2

[Event "ESTCC 50 2019"]
[Site "Mali Losinj"]
[Date "2019.09.24"]
[Round "7.16"]
[White "Ledger, Stephen C"]
[Black "Leib, Britta"]
[Result "1-0"]
[WhiteElo "2000"]
[BlackElo "1883"]
[Annotator "NA"]
[PlyCount "75"]
[EventDate "2019.09.18"]
[EventType "team-tourn"]
[EventCountry "CRO"]
[SourceTitle "playchess.com"]
[Source "ChessBase"]
[SourceQuality "1"]
[WhiteTeam "England"]
[BlackTeam "Germany"]
[WhiteTeamCountry "ENG"]
[BlackTeamCountry "GER"]
[TimeControl "40/5400+30:1800+30"]

1. d4 {[%emt 0:00:30]} Nf6 {[%emt 0:00:30]} 2. Bg5 {[%emt 0:00:00]} Ne4 {[%emt 0:00:00]} 3. Bf4 {[%emt 0:00:00]} c5 {[%emt 0:01:00]} 4. f3 {[%emt 0:00:30]} Qa5+ {[%emt 0:00:30]} 5. c3 {[%emt 0:01:30]} Nf6 {[%emt 0:01:30]} 6. d5 {[%emt 0:00:30]} d6 {[%emt 0:04:30]} 7. e4 {[%emt 0:01:30]} g6 {[%emt 0:02:30]} 8. Nd2 {[%emt 0:01:30]} Bg7 {[%emt 0:04:30]} 9. Nc4 {[%emt 0:05:30]} Qd8 {[%emt 0:02:30]} 10. a4 {[%emt 0:00:30]} O-O {[%emt 0:05:30]} 11. Bd3 {[%emt 0:07:30]} Nbd7 {[%emt 0:02:30]} 12. Ne2 {[%emt 0:04:30]} Nh5 {[%emt 0:01:30]} 13. Be3 {[%emt 0:01:30]} Ne5 {[%emt 0:01:30]} 14. Nxe5 {[%emt 0:02:30]} Bxe5 {[%emt 0:00:00]} 15. g4 {[%emt 0:02:30]} Nf6 {[%emt 0:05:00]} 16. h3 {[%emt 0:03:30]} Nd7 {[%emt 0:03:30]} 17. f4 {[%emt 0:04:30]} Bg7 {[%emt 0:04:30]} 18. Ng3 {[%emt 0:04:30]} e6 {[%emt 0:03:30]} 19. Qf3 {[%emt 0:12:30]} exd5 {[%emt 0:09:30]} 20. exd5 {[%emt 0:00:30]} a6 {[%emt 0:04:30]} 21. O-O {[%emt 0:00:30]} Rb8 {[%emt 0:01:30]} 22. Rae1 {[%emt 0:05:30]} b5 {[%emt 0:05:30]} 23. axb5 {[%emt 0:02:30]} axb5 {[%emt 0:00:00]} 24. Ne4 {[%emt 0:05:30]} Nb6 {[%emt 0:15:00]} 25. Ng3 {[%emt 0:03:30]} Bb7 {[%emt 0:10:17]} 26. Be4 {[%emt 0:01:30]} Qd7 {[%emt 0:07:47]} 27. h4 {[%emt 0:01:30]} Rfe8 {[%emt 0:00:25]} 28. f5 {[%emt 0:02:30]} Be5 {[%emt 0:00:13]} 29. Bf2 {[%emt 0:01:30]} Ra8 {[%emt 0:01:05]} 30. h5 {[%emt 0:01:30]} Nc4 {[%emt 0:02:11]} 31. Re2 {[%emt 0:03:30]} Ra2 {[%emt 0:00:05]} 32. fxg6 {[%emt 0:00:46]} fxg6 {[%emt 0:00:01]} 33. hxg6 {[%emt 0:00:14]} hxg6 {[%emt 0:00:12]} 34. Bxg6 {[%emt 0:01:29]} Rf8 {[%emt 0:01:23]} 35. Nf5 {[%emt 0:02:19]} Rf6 {[%emt 0:00:34]} 36. Bh4 {[%emt 0:02:01]} Nb6 {[%emt 0:01:57]} 37. Bxf6 {[%emt 0:01:33]} Bxf6 {[%emt 0:00:06]} 38. Nh6+ {[%emt 0:00:00]} 1-0

[Event "ESTCC 50 2019"]
[Site "Mali Losinj"]
[Date "2019.09.24"]
[Round "7.17"]
[White "Krebs, Johann"]
[Black "Lauritzen, Einar"]
[Result "1-0"]
[WhiteElo "2226"]
[BlackElo "1990"]
[Annotator "NA"]
[PlyCount "48"]
[EventDate "2019.09.18"]
[EventType "team-tourn"]
[EventCountry "CRO"]
[SourceTitle "playchess.com"]
[Source "ChessBase"]
[SourceQuality "1"]
[WhiteTeam "Austria"]
[BlackTeam "Norway"]
[WhiteTeamCountry "AUT"]
[BlackTeamCountry "NOR"]
[TimeControl "40/5400+30:1800+30"]

1. d4 {[%emt 0:00:30]} Nf6 {[%emt 0:00:30]} 2. c4 {[%emt 0:00:30]} e6 {[%emt 0:00:30]} 3. Nf3 {[%emt 0:00:00]} Bb4+ {[%emt 0:00:30]} 4. Nbd2 {[%emt 0:01:00]} d5 {[%emt 0:03:30]} 5. Qc2 {[%emt 0:08:30]} O-O {[%emt 0:02:30]} 6. g3 {[%emt 0:01:30]} Nbd7 {[%emt 0:04:30]} 7. Bg2 {[%emt 0:01:30]} c6 {[%emt 0:09:30]} 8. O-O {[%emt 0:04:30]} Be7 {[%emt 0:06:30]} 9. Rd1 {[%emt 0:09:30]} b6 {[%emt 0:11:30]} 10. e4 {[%emt 0:04:30]} Bb7 {[%emt 0:06:30]} 11. e5 {[%emt 0:10:30]} Ne8 {[%emt 0:02:30]} 12. Nf1 {[%emt 0:03:30]} Qc7 {[%emt 0:05:30]} 13. Bg5 {[%emt 0:01:30]} Bxg5 {[%emt 0:13:30]} 14. Nxg5 {[%emt 0:01:30]} g6 {[%emt 0:00:30]} 15. Rac1 {[%emt 0:02:30]} h6 {[%emt 0:01:30]} 16. Nxe6 {[%emt 0:06:30]} fxe6 {[%emt 0:00:30]} 17. Qxg6+ {[%emt 0:00:00]} Ng7 {[%emt 0:00:30]} 18. cxd5 {[%emt 0:00:00]} Nxe5 {[%emt 0:04:30]} 19. dxe5 {[%emt 0:04:30]} Qxe5 {[%emt 0:06:02]} 20. dxc6 {[%emt 0:01:30]} Ba6 {[%emt 0:00:43]} 21. c7 {[%emt 0:04:30]} Rac8 {[%emt 0:01:36]} 22. Rd7 {[%emt 0:12:30]} Qxb2 {[%emt 0:04:46]} 23. Be4 {[%emt 0:04:24]} Rf5 {[%emt 0:05:52]} 24. Bxf5 {[%emt 0:03:01]} exf5 {[%emt 0:00:11]} 1-0

[Event "ESTCC 50 2019"]
[Site "Mali Losinj"]
[Date "2019.09.24"]
[Round "7.18"]
[White "Olsen, Oystein Leif"]
[Black "Wegerer, Fred"]
[Result "0-1"]
[WhiteElo "1974"]
[BlackElo "2171"]
[Annotator "NA"]
[PlyCount "88"]
[EventDate "2019.09.18"]
[EventType "team-tourn"]
[EventCountry "CRO"]
[SourceTitle "playchess.com"]
[Source "ChessBase"]
[SourceQuality "1"]
[WhiteTeam "Norway"]
[BlackTeam "Austria"]
[WhiteTeamCountry "NOR"]
[BlackTeamCountry "AUT"]
[TimeControl "40/5400+30:1800+30"]

1. c4 {[%emt 0:00:30]} e5 {[%emt 0:00:30]} 2. Nc3 {[%emt 0:00:00]} Bb4 {[%emt 0:00:30]} 3. g3 {[%emt 0:02:00]} Nf6 {[%emt 0:00:30]} 4. Bg2 {[%emt 0:00:30]} O-O {[%emt 0:00:30]} 5. e4 {[%emt 0:00:30]} Nc6 {[%emt 0:04:30]} 6. Nge2 {[%emt 0:00:30]} d6 {[%emt 0:00:30]} 7. O-O {[%emt 0:00:30]} h6 {[%emt 0:04:30]} 8. d3 {[%emt 0:01:30]} a5 {[%emt 0:00:30]} 9. Nd5 {[%emt 0:04:30]} Bc5 {[%emt 0:02:30]} 10. h3 {[%emt 0:11:30]} Nh7 {[%emt 0:04:30]} 11. Kh2 {[%emt 0:01:30]} Be6 {[%emt 0:08:30]} 12. f4 {[%emt 0:01:30]} Nd4 {[%emt 0:12:30]} 13. f5 {[%emt 0:03:30]} Bxd5 {[%emt 0:00:30]} 14. cxd5 {[%emt 0:01:30]} Nxe2 {[%emt 0:11:30]} 15. Qxe2 {[%emt 0:00:30]} c6 {[%emt 0:00:30]} 16. Qg4 {[%emt 0:11:30]} Kh8 {[%emt 0:00:30]} 17. h4 {[%emt 0:01:30]} f6 {[%emt 0:01:30]} 18. Qh3 {[%emt 0:00:30]} Bd4 {[%emt 0:13:30]} 19. Bf3 {[%emt 0:09:30]} cxd5 {[%emt 0:01:30]} 20. exd5 {[%emt 0:00:30]} Rc8 {[%emt 0:00:00]} 21. Be4 {[%emt 0:08:30]} Rc2+ {[%emt 0:00:00]} 22. Kh1 {[%emt 0:00:30]} Bxb2 {[%emt 0:11:55]} 23. Bxb2 {[%emt 0:00:30]} Rxb2 {[%emt 0:00:05]} 24. g4 {[%emt 0:00:30]} Rf7 {[%emt 0:07:53]} 25. Rg1 {[%emt 0:03:30]} Rc7 {[%emt 0:02:41]} 26. g5 {[%emt 0:13:30]} fxg5 {[%emt 0:02:30]} 27. hxg5 {[%emt 0:08:11]} Nxg5 {[%emt 0:00:24]} 28. Qh5 {[%emt 0:02:01]} Rf2 {[%emt 0:05:17]} 29. f6 {[%emt 0:02:40]} Nxe4 {[%emt 0:01:04]} 30. fxg7+ {[%emt 0:01:33]} Rxg7 {[%emt 0:00:49]} 31. Rxg7 {[%emt 0:00:53]} Kxg7 {[%emt 0:00:09]} 32. dxe4 {[%emt 0:00:45]} Qf6 {[%emt 0:00:26]} 33. Rg1+ {[%emt 0:00:12]} Kh7 {[%emt 0:00:22]} 34. Qg4 {[%emt 0:01:05]} Qf3+ {[%emt 0:00:51]} 35. Qxf3 {[%emt 0:00:37]} Rxf3 {[%emt 0:00:02]} 36. Rb1 {[%emt 0:00:31]} Rf7 {[%emt 0:01:46]} 37. Rb6 {[%emt 0:00:55]} Rd7 {[%emt 0:00:07]} 38. Rb5 {[%emt 0:00:43]} Kg6 {[%emt 0:00:04]} 39. Kg2 {[%emt 0:00:23]} Kg5 {[%emt 0:00:06]} 40. Kf3 {[%emt 0:00:25]} Rc7 {[%emt 0:00:35]} 41. Rxa5 {[%emt 0:30:54]} Rc3+ {[%emt 0:30:23]} 42. Ke2 {[%emt 0:00:59]} Kf4 {[%emt 0:00:06]} 43. Rb5 {[%emt 0:00:51]} Kxe4 {[%emt 0:00:20]} 44. Rxb7 {[%emt 0:00:06]} Rc2+ {[%emt 0:00:08]} 0-1

[Event "ESTCC 50 2019"]
[Site "Mali Losinj"]
[Date "2019.09.24"]
[Round "7.19"]
[White "Kainz, Josef"]
[Black "Ortoft, Kai"]
[Result "1-0"]
[WhiteElo "1922"]
[BlackElo "1957"]
[Annotator "NA"]
[PlyCount "75"]
[EventDate "2019.09.18"]
[EventType "team-tourn"]
[EventCountry "CRO"]
[SourceTitle "playchess.com"]
[Source "ChessBase"]
[SourceQuality "1"]
[WhiteTeam "Austria"]
[BlackTeam "Norway"]
[WhiteTeamCountry "AUT"]
[BlackTeamCountry "NOR"]
[TimeControl "40/5400+30:1800+30"]

1. d4 {[%emt 0:00:30]} Nf6 {[%emt 0:00:30]} 2. c4 {[%emt 0:00:30]} e6 {[%emt 0:00:00]} 3. g3 {[%emt 0:00:30]} Bb4+ {[%emt 0:00:00]} 4. Bd2 {[%emt 0:00:00]} Qe7 {[%emt 0:00:30]} 5. Bg2 {[%emt 0:00:00]} O-O {[%emt 0:00:00]} 6. Nc3 {[%emt 0:03:30]} d6 {[%emt 0:01:00]} 7. Qb3 {[%emt 0:02:30]} a5 {[%emt 0:03:30]} 8. e4 {[%emt 0:10:30]} e5 {[%emt 0:03:30]} 9. d5 {[%emt 0:11:30]} Nbd7 {[%emt 0:01:30]} 10. a3 {[%emt 0:00:30]} Nc5 {[%emt 0:00:30]} 11. Qc2 {[%emt 0:00:00]} Bxc3 {[%emt 0:00:00]} 12. Bxc3 {[%emt 0:03:00]} a4 {[%emt 0:00:00]} 13. Ne2 {[%emt 0:02:30]} Bd7 {[%emt 0:05:30]} 14. O-O {[%emt 0:06:30]} b5 {[%emt 0:00:30]} 15. Bb4 {[%emt 0:02:30]} Nb3 {[%emt 0:02:30]} 16. Rad1 {[%emt 0:01:30]} Rfb8 {[%emt 0:05:30]} 17. Rfe1 {[%emt 0:01:30]} bxc4 {[%emt 0:00:30]} 18. Qxc4 {[%emt 0:00:30]} Bb5 {[%emt 0:00:30]} 19. Qc2 {[%emt 0:07:30]} Bxe2 {[%emt 0:06:30]} 20. Qxe2 {[%emt 0:00:30]} Nd7 {[%emt 0:00:30]} 21. f4 {[%emt 0:06:30]} f6 {[%emt 0:00:30]} 22. Rd3 {[%emt 0:08:30]} Ndc5 {[%emt 0:01:30]} 23. Rc3 {[%emt 0:01:30]} Rb7 {[%emt 0:09:30]} 24. Re3 {[%emt 0:04:30]} Qd7 {[%emt 0:02:30]} 25. Rd1 {[%emt 0:02:30]} Qb5 {[%emt 0:00:30]} 26. Qh5 {[%emt 0:03:30]} Qe8 {[%emt 0:01:30]} 27. Qf3 {[%emt 0:01:57]} Na6 {[%emt 0:07:30]} 28. Bc3 {[%emt 0:00:56]} Nac5 {[%emt 0:00:30]} 29. g4 {[%emt 0:01:40]} Qe7 {[%emt 0:04:30]} 30. Qg3 {[%emt 0:02:55]} exf4 {[%emt 0:02:30]} 31. Qxf4 {[%emt 0:00:13]} Nd7 {[%emt 0:00:30]} 32. Rf1 {[%emt 0:04:04]} Re8 {[%emt 0:07:30]} 33. e5 {[%emt 0:06:18]} fxe5 {[%emt 0:03:30]} 34. Qxa4 {[%emt 0:01:53]} Ndc5 {[%emt 0:01:30]} 35. Qc4 {[%emt 0:00:27]} Rbb8 {[%emt 0:01:30]} 36. Bb4 {[%emt 0:01:36]} Nd4 {[%emt 0:01:30]} 37. Bxc5 {[%emt 0:00:12]} dxc5 {[%emt 0:00:30]} 38. d6+ {[%emt 0:00:20]} 1-0